00660nam a2200205 a 450000500170000000800410001701000130005802000250007103500130009603700150010904000180012408200060014210000210014824501060016926000290027527000650030430000350036965000330040470000170043720090912142031.0080424s2008 nyua j 000 1 eng  aB-358084 a9788126417827c60.00 aB-358084 bDBAD / PUB adplbEnglish  aS aNambiar, Aparna  aLittle lessons Diya's picture & help! it's a monster /cby Aparna Nambiar; illustrated by K.G. Manoj  aKerala bDC Books c2008 aDC Kizhakemuri Edam, Good Shepherd Street, Kottayam b686001 a29p.:bcol. ill. ;c22cm(pbk)  aChildren's stories, English  aManoj, K.G.